000 01286cam a2200361 a 4500
001 1613553
003 ARRUPE
005 20161020101953.0
008 950126s1994 rh a b 001 0 eng
010 _a 94982224
020 _a1779050259
040 _aDLC
_cDLC
042 _alcode
043 _af-rh---
050 0 0 _aLA1591
_b.Z86 1994
082 0 0 _a370/.96891
_220
100 1 _aZvobgo, Rungano J.
_926862
245 1 0 _aColonialism and education in Zimbabwe /
_cRungano J. Zvobgo
260 _aHarare :
_bSAPES Books,
_c1994.
300 _ax, 108 p. :
_bill. ;
_c21 cm.
490 1 _aEducation series
500 _a"SAPES Trust"--P. [4] of cover.
500 _a"Southern Africa Regional Institute for Policy Studies (SARIPS)"--P. facing t.p.
504 _aIncludes bibliographical references (p. [101]-105) and indexes.
650 0 _aEducation
_zZimbabwe
_xHistory.
_915312
651 0 _aZimbabwe
_xColonial influence.
_9371
710 2 _aSAPES Trust.
_923049
710 2 _aSouthern Africa Regional Institute for Policy Studies.
_923050
830 0 _aEducation series (Harare, Zimbabwe)
_926863
906 _a7
_bcbc
_corigode
_d2
_encip
_f19
_gy-gencatlg
942 _2lcc
_cMONOGRAPH
999 _c125545
_d125545